| 000 | 00416cam a2200157ua 4500 | ||
|---|---|---|---|
| 041 |
_aeng _h |
||
| 082 |
_a621.3 _bDAV/EL |
||
| 100 | _aDavis, A c . | ||
| 245 |
_aElementary electricity for technical students vol-1 / _cA C Davis. _hTextual Documents |
||
| 250 |
_a1 / _b. |
||
| 260 |
_aCambridge : _bCambridge University Press , _c1953. |
||
| 300 | _a132 ; . | ||
| 504 | _a | ||
| 942 | _cBK | ||
| 999 |
_c8738 _d8738 |
||